000 00565nam a22001577a 4500
005 20260225160347.0
008 260225b |||||||| |||| 00| 0 eng d
020 _a978-178135253-3
100 _aO'BRIEN, JARLATH
245 _aDONT SEND HIM IN TOMORROW
_bSHINING A LIGHT ON THE MARGINALISED, DISENFRANCHISED AND FORGOTTEN CHILDREN OF TODAY'S SCHOOLS
260 _aWALES
_bINDEPENDENT THINKING PRESS
_c2016
300 _aI, 179P.
500 _aINCLUDES INDEX
650 _a1. CHILDREN WITH SOCIAL DISABILITIES- EDUCATION 2. INCLUSIVE EDUCATION
942 _2lcc
_cBK
999 _c216675
_d216675